| 000 | 00899cam a22003134a 4500 | ||
|---|---|---|---|
| 001 | 33184 | ||
| 005 | 20230410101755.0 | ||
| 008 | 981105s1998 mx a b 000 0 spa | ||
| 035 | _9(DLC) 98218119 | ||
| 035 | _a2153419 | ||
| 942 |
_2lcc _cbk |
||
| 010 | _a 98218119 | ||
| 020 | _a9706630090 | ||
| 035 | _a(CRlLL)0000000446 | ||
| 040 |
_aDLC _cDLC _dDLC |
||
| 042 | _apcc | ||
| 043 | _an-mx--- | ||
| 050 | 1 | 4 |
_a112 F 1386.4 _bT277s 1998 |
| 082 | 0 | 0 |
_a972/.53 _221 |
| 100 | 2 | _aTello Peón, Berta E. | |
| 245 | 1 | 0 |
_aSanta Maria la Ribera / _cBerta Tello Peón. |
| 250 | _a[1. ed.]. | ||
| 260 |
_a[Mexico City] : _bClío, _c[1998] |
||
| 300 |
_a123, [9] p. : _bill. (some col.) ; _c31 cm. |
||
| 504 | _aIncludes bibliographical references (p. [127]). | ||
| 651 | 0 |
_aSanta Maria la Ribera (Mexico City, Mexico) _xHistory. |
|
| 651 | 0 |
_aMexico City (Mexico) _xHistory. |
|
| 922 | _aap | ||
| 999 |
_c13759 _d13759 |
||